
Library Catalogue

| 000 -LEADER | |
|---|---|
| fixed length control field | 01729nam a2200229Ia 4500 |
| 003 - CONTROL NUMBER IDENTIFIER | |
| control field | OSt |
| 005 - DATE AND TIME OF LATEST TRANSACTION | |
| control field | 20210630101051.0 |
| 008 - FIXED-LENGTH DATA ELEMENTS--GENERAL INFORMATION | |
| fixed length control field | 160316s2013 xxu||||| |||| 00| 0 eng d |
| 020 ## - INTERNATIONAL STANDARD BOOK NUMBER | |
| International Standard Book Number | 9789350712382 |
| 040 ## - CATALOGING SOURCE | |
| Transcribing agency | n |
| 082 ## - DEWEY DECIMAL CLASSIFICATION NUMBER | |
| Classification number | 343.040000 |
| Item number | DAT |
| 100 ## - MAIN ENTRY--PERSONAL NAME | |
| Personal name | Datey V S |
| 245 ## - TITLE STATEMENT | |
| Title | Indirect taxes : Law and practice |
| 250 ## - EDITION STATEMENT | |
| Edition statement | 30th |
| 260 ## - PUBLICATION, DISTRIBUTION, ETC. | |
| Place of publication, distribution, etc. | New Delhi |
| Name of publisher, distributor, etc. | Taxmann Allied Services (P) Ltd. |
| Date of publication, distribution, etc. | 2013 |
| 300 ## - PHYSICAL DESCRIPTION | |
| Extent | 878p |
| 365 ## - TRADE PRICE | |
| Price amount | Rs. 575 |
| 505 ## - FORMATTED CONTENTS NOTE | |
| Formatted contents note | Summary: <br/>Indirect Taxes: Law and Practice is divided into chapters like Basic Aspects of Indirect Taxes, Service Tax, Exemptions and Abatements and Compositions in Service Tax. These sub-topics have titles like Area Coverage, Place and General residuary rule to determine place of provision of service.<br/><br/>Each topic is first explained in general, before moving onto the technical and business aspects of taxes. These divisions abet us to comprehend and master each topic. There are self-help questions for students at the end of each topic, to help them revise what they have learnt. It is a self-contained module that is beneficial to the students.<br/><br/>Indirect Taxes Law and Practice by Datey is a comprehensive tool for students who wish to ace the CA (Final) examinations, CA (Intermediate), CS (executive/professional) and CMA (Inter/Final) exams. There are innumerous case studies that help in knowing which taxes rules apply in which situation. Important tax cases have been talked about in this book. The 32nd edition of Indirect Taxes: Law and Practice is written by V S Datey, published by Taxman Publications Pvt. Ltd in 2013. It is available in paperback |
| 650 ## - SUBJECT ADDED ENTRY--TOPICAL TERM | |
| Topical term or geographic name entry element | 1. Tax Law - Indirect - Law and Practice |
| 700 ## - ADDED ENTRY--PERSONAL NAME | |
| Personal name | |
| -- | |
| 942 ## - ADDED ENTRY ELEMENTS (KOHA) | |
| Source of classification or shelving scheme | Dewey Decimal Classification |
| Koha item type | BOOKs |
| Withdrawn status | Lost status | Damaged status | Not for loan | Home library | Current library | Shelving location | Date acquired | Cost, normal purchase price | Total Checkouts | Full call number | Barcode | Date last seen | Price effective from | Koha item type |
|---|---|---|---|---|---|---|---|---|---|---|---|---|---|---|
| . | . | 30.05.2017 | 575.00 | 343.04 DAT | 33593 | 14.06.2024 | 30.05.2017 | BOOKs |